000 01270cam a2200337 i 4500
001 25121
003 Mx-PuUPA
005 20251007124408.0
008 140415s1991 moua fr 000 0 eng d
020 _a0801662885
040 _cMx-PuUPA
_aMx-PuUPA
_bspa
_dMx-PuUPA
_erda
041 0 _aeng
100 1 _aEngland, Marjorie A.,
_98260
_eautor
245 1 0 _aColor atlas of the brain & spinal cord :
_ban introduction to normal neuroanatomy /
_cMarjorie A. England, Jennifer Wakely
264 1 _aSt. Louis, MO :
_bMosby-Year Book,
_c©1991
300 _a288 páginas :
_bilustraciones, diagramas, (en color principalmente) ;
_c26 cm
336 _2rdacontent
_atexto
_btxt
336 _2rdacontent
_aimagen fija
_bsti
337 _2rdamedia
_asin medio
_bn
338 _2rdacarrier
_avolumen
_bnc
650 7 _2armarc
_aCerebro
_vAtlas
650 7 _2armarc
_aMédula espinal
_vAtlas
650 7 _2armarc
_aSistema nervioso central
_vAtlas
650 7 _2armarc
_aMédula espinal
_xAnatomía e histología
650 7 _2armarc
_aCerebro
_xAnatomía e histología
700 1 _aWakely, Jennifer,
_eautor
942 _2ddc
_cLI
_h611.8
_iE57
999 _c25121
_d25121